Actes du XXVIIe Congrès International de Linguistique et de Philologie Romances

Saved in:
Bibliographic Details
Main Author: Buchi, Eva
Other Authors: Chauveau, Jean-Paul, Pierrel, Jean-Marie
Format: Book
Language:French
Published: Estrasburgo, Francia Eliphi 2016
Series:Bibliothèque de Linguistique Romane. 14
Subjects:
Tags: Add Tag
No Tags, Be the first to tag this record!

MARC

LEADER 00000cam a2200000 a 4500
001 UCD6024
003 CL-VaPUC
005 20211215074120.0
008 161111e20160000fr 1 fre d
999 |c 384860  |d 384858 
020 |a 9782372760089 
040 |c Pontificia Universidad Católica de Valparaíso 
082 0 4 |a 440 BUC 2016  |2 21 
100 1 |a Buchi, Eva  |9 622215 
245 1 0 |a Actes du XXVIIe Congrès International de Linguistique et de Philologie Romances 
260 0 3 |a Estrasburgo, Francia  |b Eliphi  |c 2016 
300 |a v 
490 0 |a Bibliothèque de Linguistique Romane.  |v 14 
518 |p Congrès International de Linguistique et de Philologie Romances, 27, Nancy, 15-20 juillet 2013 
546 |a En Francés 
583 |a last modification  |c 20190909 10:13:26  |k Rodrigo Vera 
650 0 0 |a Lingüística  |9 265068 
650 0 7 |a LENGUAS ROMANCES  |2 CL-VaPUC  |9 346632 
650 0 0 |a Filología   |9 321245 
700 1 |a Chauveau, Jean-Paul  |9 622216 
700 1 |a Pierrel, Jean-Marie  |9 622217 
942 |c BK  |2 ddc 
945 |a arojas  |d 20161111 10:35:00 
952 |0 0  |1 0  |3 erd  |4 0  |6 440_000000000000000_BUC_2016  |7 0  |8 A  |9 507857  |a FDOPOS  |b FDOPOS  |h v.1  |i 5346797  |o 440 BUC 2016  |p 5346797  |r 2025-01-22  |w 2020-01-23  |y BK  |z Catalogado en:20161111  |k DLA 
952 |0 0  |1 0  |3 erd  |4 0  |6 440_000000000000000_BUC_2016  |7 0  |8 A  |9 507858  |a FDOPOS  |b FDOPOS  |h v.2  |i 5346800  |o 440 BUC 2016  |p 5346800  |r 2025-01-22  |w 2020-01-23  |y BK  |z Catalogado en:20161111  |k DLA